Statistiche per Quiz sulla Turchia

Clicka qui per fare il quiz!

Statistiche generali

  • Questo quiz è stato fatto 1.477 volte
  • Il punteggio medio è 10 su 19

Statistiche sulle risposte

DomandaRisposta% Corretto
CapitaleAnkara
96%
Città più popolosaIstanbul
94%
Vecchio nome di questa cittàCostantinopoli / Bisanzio
87%
Impero che si dissolse nel 1923?Impero Ottomano
85%
Mari che bagnano la TurchiaMar Nero
84%
Mari che bagnano la TurchiaMar Mediterraneo
83%
Piatto a base di carne, tipico della cucina turca, divenuto popolare in tutto il mondoKebab
65%
Mari che bagnano la TurchiaMar Egeo
65%
ValutaLira turca
54%
Nome della penisola di cui la Turchia fa parteAnatolia
51%
Titolo che deteneva il sovrano dell'impero sopracitatoSultano
48%
Padre della Turchia modernaMustafa Kemal Atatürk
42%
Seconda etnia più grandeCurda
40%
Com'è comunemente conosciuta la Moschea del Sultano Ahmed?Moschea {Blu}
33%
Mari che bagnano la TurchiaMar di Marmara
29%
Montagna più altaMonte Ararat
28%
Da cosa dovrebbe proteggere il nazar? (amuleto)Malocchio
24%
Titolo del "vescovo" ortodosso di questa cittàPatriarca Ecumenico
10%
Caratteristico dolce di forma cubica gelatinoso, aromatizzato con datteri e nociLokum
9%

Distribuzione punteggi

Percentile per numero di risposta

Percentuale di utenti per punteggio

I tuoi punteggi nel tempo

Non hai fatto questo quiz